Voc. House and Home - Statistiques

Statistiques générales
  • Ce quiz a été pris 29 fois
  • Le résultat moyen est 22 sur 108
Statistiques - réponses
Mot en français Traduction % Correct
un appartement flat / appartment
89%
un étage floor / storey
84%
une peinture painting
63%
isolé isolated
58%
habiter to live
53%
sale dirty
37%
un ascenseur elevator
37%
un propriétaire landlord
37%
plombier plumber
37%
suspendre to hang
37%
en haut, à l'étage upstairs
37%
abordable affordable
32%
un pâté de maisons block
32%
la moquette carpet
32%
une corvée chore
32%
confortable comfortable
32%
lave-vaisselle dishwasher
32%
un colocataire flatmate / roommate
32%
déménager move out
32%
bruyant noisy
32%
propriétaire owner
32%
le loyer rent
32%
le toit roof
32%
chauffer to heat
32%
le sous-sol basement
26%
un balai broom
26%
le centre ville city center
26%
le placard closet
26%
le double vitrage double glazing
26%
le couloir hall
26%
l'immobilier real estate
26%
la rénovation renovation
26%
sûr safe
26%
une étagère shelf (shelves au pl)
26%
éteindre switch off
26%
allumer switch on
26%
un aspirateur vacuum cleaner
26%
la climatisation air-con / air-conditioning
21%
appareil appliance
21%
le grenier attic
21%
une bibliothèque (meuble) bookcase
21%
tout neuf brand-new
21%
douiller, confortable cosy
21%
rideaux curtains
21%
un tiroir drawer
21%
économique, qui consomme peu economical
21%
un ascenseur (2) lift
21%
emménager move in
21%
une prise plug
21%
calme quiet
21%
résidentiel residential
21%
réparer to fix
21%
un entrepreneur en bâtiment a builder / a contractor
16%
un immeuble block of flats
16%
un pavillon de plein pied bungalow
16%
une cave cellar
16%
un navetteur commuter
16%
un ouvrier du bâtiment construction worker
16%
un quartier district
16%
un escalier downstairs
16%
agence immobilière estate agency
16%
agent immobilier estate agent
16%
la rue principale high street
16%
une propriétaire landlady
16%
une ampoule lightbulb
16%
posséder own
16%
à la pointe / ultra moderne state-of-the-art
16%
un robinet tap
16%
être en construction be under construction
11%
un chantier building site
11%
meuble de rangement cabinet
11%
un immeuble en copropriété condominium / condo
11%
pratique convenient
11%
un placard cupboard
11%
un promoteur immobilier developer
11%
un meuble furniture
11%
les espaces verts green areas
11%
porte-manteau hanger
11%
le chauffage heating
11%
un foyer household
11%
peu sûr insecure
11%
un abat-jour lampshade
11%
louer (à un locataire) let / rent out to
11%
s'installer settle
11%
démolir to demolished / pull down
11%
facile à utiliser user-friendly
11%
les charges utility bill
11%
logement libre vacancy
11%
les stores blinds
5%
un arrondissement borough
5%
intégré, encastré built-in
5%
le chauffage central central heating
5%
équipé de fitted with
5%
l'éclairage lighting
5%
un quartier résidentiel neighborhood
5%
une zone piétonne pedestrian precinct
5%
isolé (2) secluded
5%
la banlieue suburbia / the suburbs
5%
ranger tidy
5%
moderne up-to-date
5%
innocupé vacant
5%
délabré dilapidated
0%
isoler, insonoriser insulate
0%
l'isolation insulation
0%
la rénovation (2) refurbishment
0%
décrépit rundown
0%
les volets shutters
0%
un locataire tenant
0%
Aucun quiz correspondant
Distribution des résultats
% des personnes avec chaque résultat
Percentile par nombre de réponses
Votre historique - résultats
Vous n’avez pas pris ce quiz